All Dutch political parties - Statistics

General Stats
  • This quiz has been taken 60 times
  • The average score is 12 of 15
Answer Stats
Hint Answer % Correct
37 seats PVV
100%
24 seats VVD
100%
25 seats GL-PVDA
96%
9 seats D66
89%
7 seats BBB
87%
3 seats FVD
87%
20 seats NSC
87%
5 seats CDA
83%
3 seats CU
83%
1 seat JA21
77%
2 seats VOLT
77%
3 seats PVDD
70%
3 seats SGP
68%
5 seats SP
66%
3 seats DENK
64%
No matching quizzes found
Score Distribution
Percent of People with Each Score
Percentile by Number Answered
Your Score History
You have not taken this quiz